Guess the kpop idol - Statistics

General Stats
  • This quiz has been taken 308 times
  • The average score is 4 of 15
Answer Stats
Clue Answer % Correct
Lived in New Zealand Jennie
73%
Learnt english watching f.r.i.e.n.d.s RM
68%
Pink lamborghini Momo
50%
Made the JYP audition because he thought Bigbang was under that company Jackson
40%
JYP himself said he regrets about rejecting her from the company IU
35%
"Stole" Jonghyun's bike Minho
26%
Queen of China Victoria
17%
f(x) Amber gave her an iconic nickname Seulgi
16%
Hates cucumbers Jessica
15%
Speaks fluent tagalog Dara
11%
Lived in Paraguay Mark
11%
Speaks fluent french CL
9%
Was REALLY bullyied in high school because her classmates found out she was an SM trainee BoA
7%
Made the SM audition because her mother wanted to meet H.O.T Hyoyeon
7%
If she hadn't debuted with her group, she would've flought to USA to became a musician Seohyun
2%
No matching quizzes found
Score Distribution
Percent of People with Each Score
Percentile by Number Answered
Your Score History
You have not taken this quiz